000 00276nam a22001097a 4500
008 170106b xxu||||| |||| 00| 0 eng d
020 _a9780838555958
041 _aeng
080 _24TH
_a618.2
245 _aLABORATORY TESTS&DIAGNOSTIC PROCEDURES
_cCORBETT, J.V
942 _2udc
_cBK
999 _c2596
_d2596